|
|
|
|
| LEADER |
00000cam a2200000 7i4500 |
| 001 |
0000002012 |
| 005 |
20020801.0 |
| 020 |
0 |
0 |
|a 9838120286
|
| 090 |
0 |
0 |
|a R598.295983
|b SMY 1999
|
| 100 |
1 |
0 |
|a SMYTHIES
|h Bertram E. [
|q (Bertram Evelyn)]
|
| 245 |
1 |
4 |
|a The birds of Borneo
|c by Bertram E. Smythies
|f revised by Geoffrey W. H. Davison
|
| 250 |
0 |
0 |
|a 4th rev. ed.
|
| 260 |
0 |
0 |
|a Kota Kinabalu, Sabah :
|b Natural History Pub. ,
|c 1999
|
| 300 |
|
|
|a vii, 853 p., 57 p. of col. plates ;
|c 27 cm.
|
| 500 |
0 |
0 |
|a Includes bobliography : p. 670-703 and index
|
| 650 |
0 |
0 |
|a Birds
|z Borneo
|
| 650 |
0 |
0 |
|a Birds
|z Malaysia
|
| 651 |
0 |
0 |
|a Borneo
|x Birds
|
| 700 |
0 |
1 |
|a Davison
|h Geoffrey W. H.
|
| 998 |
|
|
|a JPSM
|
| 999 |
|
|
|a 0000003334
|b Monograph
|c Reference
|e Default branch
|